Systémový prístup v pedagogickej teórii

Bibliographic Details
Main Author: Kolář, Zdeněk, 1929-2022 (Author)
Format: Article
Language:Slovak
Subjects:

MARC

LEADER 00000nab a2200000 a 4500
001 vtls000179061
003 SK-MaSNL
005 20260305003144.0
008 250422c1984 xo 0 slo
015 |a SNBRB19rr/mm-uuuuu 
035 |a CL0189174 
035 |a urn:nbn:sk:snk-ab4qs 
035 |a (urnnbn)urn:nbn:sk:snk:ar-0049wn 
035 |a (uuid)a09ab1da-31c4-41bd-a18b-cbd6940ab4cf 
040 |a SNKBUCL  |b slo  |c SNKBUCL  |e AACR2 
041 0 |a slo 
044 |a xo  |c SK 
080 |a 37.012.1  |2 1981 
080 |a 37.02  |2 1981 
100 1 |a Kolář, Zdeněk,  |d 1929-2022  |4 aut  |9 260614 
245 1 0 |a Systémový prístup v pedagogickej teórii  |c Zdeněk Kolář 
504 |a Bibliogr. odkazy 
546 |a Res. rus., angl. 
650 0 7 |a pedagogika  |2 snkbucl  |9 955 
655 7 |a články z novín a časopisov  |2 snkbucl  |9 267496 
773 0 |t Jednotná škola  |g Roč. 36, č. 1 (1984), s. 23-44 
850 |a Slovenská národná knižnica 
852 |a Slovenská národná knižnica 
954 |a odborná, vedecká literatúra pôvodná (slovenská)  |2 lita 
958 |a article27 
958 |a OND 
958 |a NB 
958 |a RK 
958 |a CZ 
958 |a EUIPO 
992 |a RBX 
999 |c 3228781  |d 3230711